Numerical analysis with elements of computer science : (Record no. 83584)
[ view plain ]
| 000 -LEADER | |
|---|---|
| fixed length control field | 00615nam a22001937a 4500 |
| 005 - DATE AND TIME OF LATEST TRANSACTION | |
| control field | 20140508115122.0 |
| 010 ## - LCCN (DPL NO) | |
| LC control number | ENG-109732 |
| 020 ## - INTERNATIONAL STANDARD BOOK NUMBER | |
| International Standard Book Number | 9788173817557 |
| Terms of availability | 185.00 |
| 035 ## - SYSTEM CONTROL NUMBER | |
| System control number | EN-93265 |
| 037 ## - SOURCE OF ACQUISITION | |
| Source of stock number/acquisition | DBAD/PUB |
| 082 ## - DEWEY DECIMAL CLASSIFICATION NUMBER | |
| Classification number | 519.4 |
| 100 ## - MAIN ENTRY--PERSONAL NAME | |
| Personal name | Das, A.N. |
| 245 00 - TITLE STATEMENT | |
| Title | Numerical analysis with elements of computer science : |
| Statement of responsibility, etc | by A.N. Das |
| Remainder of title | for BSC (general course) students / |
| 260 ## - PUBLICATION, DISTRIBUTION, ETC. (IMPRINT) | |
| Place of publication, distribution, etc | Kolkata |
| Name of publisher, distributor, etc | New Central Book Agency |
| Date of publication, distribution, etc | 2012 |
| 270 ## - ADDRESS | |
| Address | 8/1 Chintamoni Das Lane |
| City | Kolkata |
| Postal code | 700009 |
| 300 ## - PHYSICAL DESCRIPTION | |
| Extent | ix,246,53p. : |
| Dimensions | 24cm(pbk) |
| Other physical details | ill. |
| 500 ## - GENERAL NOTE | |
| General note | Includes index |
| 942 ## - ADDED ENTRY ELEMENTS (KOHA) | |
| Source of classification or shelving scheme | Dewey Decimal Classification |
| Item type | English Books |
| Call number suffix | DAS |
| Classification part | 519.4 |
| Withdrawn status | Lost status | Not for loan | Collection code | Home library | Current library | Date acquired | Source of acquisition | Cost, normal purchase price | Full call number | Barcode | Copy number | Cost, replacement price | Koha item type |
|---|---|---|---|---|---|---|---|---|---|---|---|---|---|
| Not For Loan | Non-fiction | D.B.Act.Division | D.B.Act.Division | 17/04/2014 | DBAD/PUB | 185.00 | 519.4 DAS | EN-93265 | 1 | 185.00 | English Books |
